Gengsterisme dan kerapuhan disiplin

Bibliographic Details
Format: Book
Published: Selangor : Penapro , 2005
Series:Siri pendidikan sivik
Subjects:

MARC

LEADER 00000cam a2200000 7i4500
001 0000004714
005 20151222.0
008 070730
020 |a 9833272061(set) 
020 |a 983327210X 
090 0 0 |a JF   |b MOR MAL (4774) 
245 1 0 |a Gengsterisme dan kerapuhan disiplin   |c Penyusun; Aziela Hanafee 
260 |a Selangor :   |b Penapro ,   |c 2005 
440 |a Siri pendidikan sivik 
500 |a Children ages 7-9 years old (orange) 
650 0 |a Junior fiction   |x Malay   |x Languages 
650 0 |a Moral 
999 |a 0000904979   |b Book   |c Teenagers   |e Cawangan Bandar Tenggara 
999 |a 0000976572   |b Book   |c Children Collection   |e Perbadanan Perpustakaan Awam Johor 
999 |a 0000976573   |b Book   |c Children Collection   |e Perbadanan Perpustakaan Awam Johor 
999 |a 0000976574   |b Book   |c Children Collection   |e Cawangan Muar 
999 |a 0000976575   |b Book   |c Children Collection   |e Perbadanan Perpustakaan Awam Johor 
999 |a 0000976576   |b Book   |c Children Collection   |e Perbadanan Perpustakaan Awam Johor 
999 |a 0000989806   |b Book   |c Children Collection   |e Cawangan Tangkak 
999 |a 0000989807   |b Book   |c Children Collection   |e Cawangan Tangkak 
999 |a 0000989808   |b Book   |c Adult Collection   |e Cawangan Pontian